00405nam a2200157Ia 45000010006000000050017000060080041000230410008000640820016000721000034000882450072001222600009001943000028002036500008002316540008002391868720260306171649.0260306s9999||||xx |||||||||||||| ||und|| aESP a658.5bA41S aAlfaro Saiz, Juan JoséeAUT 0aSistemas de medición del rendimiento para la cadena de suministro c2008 a128 páginas :c23 cm. aGEN aCHU